Las drogas en la escuela fuera del alcance de los niños
Este documento trata del consumo de drogas en los jóvenes lo cuál refleja de manera evidente, la actitud general del pais a su propia vida social. El problema del uso y la circulación de sustancias psicoactivas es un problema de todos.
保存先:
| 団体著者: | |
|---|---|
| フォーマット: | 図書 |
| 言語: | Spanish |
| 出版事項: |
Bogotá:
IDEP,
1999
|
| 版: | 1 |
| シリーズ: | Vida de maestros;
No. 5 |
| 主題: | |
| オンライン・アクセス: | Para acceder al PDF haga clic aquí |
| タグ: |
タグ追加
タグなし, このレコードへの初めてのタグを付けませんか!
|
MARC
| LEADER | 00000nam a2200000 a 4500 | ||
|---|---|---|---|
| 001 | 000416 | ||
| 003 | OSt | ||
| 005 | 20181012090630.0 | ||
| 008 | 020911s1999 ck a fr# o000|0#spa#d | ||
| 999 | |c 2569 |d 2569 | ||
| 020 | |a 958-8018-24-2 | ||
| 040 | |c CNA-IDEP | ||
| 041 | 0 | |a spa | |
| 043 | |a s-ck--- | ||
| 082 | 0 | 4 | |a 371.784 |b B535d |
| 110 | 1 | |a Bogotá. |b Alcaldía Mayor. |b Instituto para la Investigación Educativa y el Desarrollo Pedagógico |9 5222 | |
| 245 | 1 | 4 | |a Las drogas en la escuela |b fuera del alcance de los niños |c IDEP |
| 250 | |a 1 | ||
| 260 | |a Bogotá: |b IDEP, |c 1999 | ||
| 300 | |a 134 p.: |b il. | ||
| 440 | 0 | |a Vida de maestros; |v No. 5 |9 5336 | |
| 504 | |a Incluye bibliografía y recomendaciones bibliográficas | ||
| 520 | 3 | |a Este documento trata del consumo de drogas en los jóvenes lo cuál refleja de manera evidente, la actitud general del pais a su propia vida social. El problema del uso y la circulación de sustancias psicoactivas es un problema de todos. | |
| 650 | 1 | 4 | |a EDUCACIÓN ANTIDROGADICCIÓN |z COLOMBIA |9 5337 |
| 650 | 1 | 4 | |a DROGAS Y JÓVENES |9 5338 |
| 856 | |u http://biblioteca.idep.edu.co/libros/Vida_de_Maestro_No_5_Las_Drogas_en_la_Escuela.pdf |y Para acceder al PDF haga clic aquí | ||
| 942 | |2 ddc |c BK | ||